Представление документа в формате RUSMARC

ПолеНазваниеЗначение
  Тип записи a
  Библиографический уровень a
001 Контрольный номер RU/УОНБ/EK_Kray/467565978
005 Дата корректировки 20260211140608.1
100 Данные общей обработки __
a Данные общей обработки 20260211d2014####|||c0rusy0189 ca
101 Язык документа 0_
a Язык текста rus
102 Страна публикации __
a Страна публикации RU
105 Кодированные данные (монография) __
a Кодированные данные (монография) y###||||000|y
200 Заглавие и сведения об ответственности 1_
a Заглавие "На черно-белых клавишах доски..."
f Первые сведения об ответственности Феликс Касимов
215 Физическое описание __
c Иллюстрации/тип воспроизводства 2 фот.
300 Общие примечания __
a Общие примечания 12+
327 Примечание о содержании 01
a Примечание о содержании О самом себе
327 Примечание о содержании 11
a Примечание о содержании Егорыч
327 Примечание о содержании 11
a Примечание о содержании Лето
327 Примечание о содержании 11
a Примечание о содержании Игра: шахматная поэма
461 Уровень набора _0
1 2001
a Симбирскъ
1 2101
d 2014
463 Уровень физической единицы _0
1 2000
a № 2
v С. 39-43
1 001RU/REG73/CBS_GRAD/61b9d2e10c1742b1beeb7bdf9d6d16f6
517 Другие варианты заглавия 1_
a Другие варианты заглавия На черно-белых клавишах доски...
610 Ключевые слова 0_
a Ключевые слова стихи
610 Ключевые слова 0_
a Ключевые слова писатели Димитровграда, димитровградские писатели, стихи димитровградских авторов
686 Индексы других классификаций __
a Классификационный индекс 84(2Рос=Рус)6
2 Код системы rubbk
700 Автор _1
a Фамилия Касимов
b Имя (инициалы) Ф.
g Полное личное имя Феликс
801 Источник записи _0
a Страна RU
b Организация RuCBSGrad
c Дата составления 20260211
g Правила каталогизации RCR
801 Источник записи _1
a Страна RU
b Организация RuCBSGrad
c Дата составления 20260211
g Правила каталогизации RCR
852 Данные о местонахождении __
a Наименование организации МБУК ЦБС г. Димитровграда
901 Тип документа __
t Тип документа b
w Контрольный № источника RU/REG73/CBS_GRAD/61b9d2e10c1742b1beeb7bdf9d6d16f6
909 Создатель записи __
a Создатель записи Тенигина
b Дата создания записи 20260211